书目信息 |
| 书名: | Sweet mandarin | |
| 作者: | Helen tse | |
| 分册号: | ||
| 分册名: | 出版地: | New york |
|
| 出版社: | St.martin's press | |
| 出版时间: | 2007 | |
| 页数: | 279p | |
| 开本: | 14cm | |
| 丛书名: | ||
| 中图分类号: | ||
| 科图分类号: | ||
| 其他分类号: | K837.12 | |
| 主题词: | ||
| 电子资源: | ||
| 000 | 00411nam0 2200157 450 | |
| 001 | 202012196629 | |
| 005 | 20121107173534.0 | |
| 008 | 20010101s | |
| 020 | @a978-0-312-37936-0@c$23.95 | |
| 099 | @dK837.12@eH3669 | |
| 245 | 10 | @aSweet mandarin@cHelen tse |
| 260 | 0 | @aNew york@bSt.martin's press@c2007 |
| 300 | @a279p@c14cm | |
| 905 | @b009094 | |
| 905 | @b009094-6 | |
| 905 | @aTSG@dK837.12@eH3669 | |
| Sweet mandarin / Helen tse.-New york : St.martin's press , 2007 |
| 279p ; 14cm |
| ISBN 978-0-312-37936-0$23.95 |
| ● |
| 相关链接 |
|
|
|
正题名:Sweet mandarin
索取号:K837.12/H3669
 
预约/预借
| 序号 | 登录号 | 条形码 | 馆藏地/架位号 | 状态 | 备注 |
| 1 | 9094 | 300090942 | 社科库309/309社科库 993排2列1层/ [索取号:K837.12/H3669] | 在馆 | |
| 2 | 9095 | 300090951 | 社科库309/309社科库 993排2列1层/ [索取号:K837.12/H3669] | 在馆 | |
| 3 | 9096 | 300090960 | 社科库309/309社科库 993排2列1层/ [索取号:K837.12/H3669] | 在馆 |